The long road home

Titel: The long road home : The aftermath of the Second World War / Ben Shephard
Verfasser:
Veröffentlicht: London : Vintage, 2011
Umfang: X, 486 S. ; 20x13x3 cm
Format: Buch
Sprache: Englisch
RVK-Notation:
Schlagworte:
ISBN: 9780712600590 ; 0712600590
Buchumschlag
X
Lokale Klassifikation: 31 3 H ; 1 3 H ; 31 7 N ; 31 7 O ; 31 3 D
alg: 26317800
001A    $06056:20-05-11 
001B    $06055:01-03-26 $t20:20:12.000 
001C    $03004:27-03-12 $t14:59:13.000 
001D    $06056:20-05-11 
001U    $0utf8 
001X    $00 
002@    $0Aax 
003@    $0263178005 
003O    $0752424794 $aOCoLC 
004A    $A978-0-7126-0059-0 $f(pbk.) £9.99 
004A    $00-7126-0059-0 $f(pbk.) £9.99 
006H    $09780712600590 $2NBD 
007A    $0263178005 $aHEB 
007G    $0DE020C33064414B769DCEC12579DD005485DA 
007T    $0Herdhh263178005 
009P    $qtext/html $3Kurzbeschreibung $uhttp://scans.hebis.de/HEBCGI/show.pl?26317800_kub.html $mX:Nielsen 
009P    $qtext/html $3Ausführliche Beschreibung $uhttp://scans.hebis.de/HEBCGI/show.pl?26317800_aub.html $mX:Nielsen 
009P    $qtext/html $3Autorenbiografie $uhttp://scans.hebis.de/HEBCGI/show.pl?26317800_bio.html $mX:Nielsen 
009P    $qapplication/pdf $A2 $3Inhaltsverzeichnis $uhttp://scans.hebis.de/HEBCGI/show.pl?26317800_toc.pdf $mV:DE-603;B:DE-Mb50 
010@    $aeng 
011@    $a2011 
021A    $aThe @long road home $dThe aftermath of the Second World War $hBen Shephard 
028A    $7131877216 $8Shephard, Ben$Z1948- [Tp1] $9179948067 
033A    $pLondon $nVintage 
034D    $aX, 486 S. 
034I    $a20x13x3 cm 
037A    $aPaperback 
039U    $8--Aox--Ballinger, Pamela. Impossible Returns, Enduring Legacies, 2013 $9395134757 
044A    $aWorld War, 1939-1945 $xForced repatriation $N650 
044A    $aWorld War, 1939-1945 $xRefugees $N650 
044A    $aSecond World War $2bicssc $N650 
044A    $aWarfare and Defence $2eflch $N650 
044B    $0NBD $aHBWQ $2bicssc 
044B    $0NBD $aWAR $2eflch 
044K    $RKriegsgefangener $#Ex-prisoners of war $#Prisonniers de guerre Retour $#Kriegsheimkehrer $D20251120 $Ecgmnf $74024141-5 $8Heimkehrer [Ts1] $9085060070 
044K    $RWeltkrieg $#World War, 1939-1945 $#Guerre mondiale (1939-1945) $#Weltkrieg 1939-1945 $#2. Weltkrieg $#Weltkrieg 2 $#II. Weltkrieg $#Weltkrieg II $D20251120 $Ecgmnf $74079167-1 $8Zweiter Weltkrieg [Tsz] $9085224618 
044K    $RSozialarbeit $#Aide aux réfugiés $#Flüchtlingshilfe $D20251120 $Ecgmnf $74128300-4 $8Flüchtlingshilfe [Ts1] $9085444782 
044K    $RZwangsarbeiter $RHeimatloser Ausländer $RFlüchtling $#Refugees $#Réfugiés $#Profughi $#Displaced Person $#Displaced Persons $#DP $D20251120 $Ecgmnf $74140484-1 $8Displaced Person [Ts1] $9085539031 
044K    $#Repatriation $#Rapatriement $#Rückwanderung $#Repatriierung/Rückanpassung $D20251120 $Ecgmnf $74177807-8 $8Repatriierung [Ts1] $9085840378 
045B    $a940.5308691 $eDDC22eng 
045F    $a306.0947 $eDDC23BSB 
045F/01 $a306.09 
045F/03 $g47 
045F/03 $g437 
045F/03 $g4 
045G    $a900.94709043 $eDDC23BSB 
045G/01 $a900 
045G/03 $f09043 
045G/03 $f09044 
045G/03 $f0904 
045G/03 $g47 
045G/03 $g437 
045H    $a305.800947 $eDDC23BSB 
045H/01 $a305.8009 
045H/03 $g47 
045H/03 $g437 
045Z    $D20251120 $Ecgmnf $8NQ 5980 [Tkv] $9410916471 

lok: 26317800 24
101B    $027-03-12 $t14:59:13.000 
101C    $027-03-12 
101U    $0utf8 
145Z/01 $a31 3 H 
145Z/02 $a1 3 H 
145Z/03 $a31 7 N 
145Z/04 $a31 7 O 
145Z/05 $a31 3 D 

exp: 26317800 24 1 #EPN
201B/01 $005-04-12 $t09:33:57.000 
201C/01 $015-09-11 
201U/01 $0utf8 
203@/01 $0629734763 
208@/01 $a27-03-12 $bz 
209A/01 $a11.07862 $du $f050 $h11 07862 $x00 
209C/01 $a11.07862 K $h11 07862 K 
209G/01 $a72806182 $x00 
220C/01 $amar/hae 
247C/01 $8358050-7 Marburg, Bibliothek des Herder-Instituts Marburg $9102600961 

lok: 26317800 78

exp: 26317800 78 1 #EPN
201B/01 $019-04-17 $t21:58:36.000 
201U/01 $0utf8 
203@/01 $0793934702 
208@/01 $a12-11-16 $be 
209A/01 $a/ $f000 $x00 
244Z/01 $2Trx $8--Trx--Monographie $x01 $9391384546 
247C/01 $82080>Marburg/Lahn, Herder-Institut, Forschungsbibliothek, Bibliographieportal $9336309341
LEADER 00000cam a22000002c 4500
001 263178005
003 DE-603
005 20260301202012.0
007 tu
008 110520s2011 xx |||| | u00||u|eng c
020 |a 9780712600590  |c (pbk.) £9.99 
020 |a 0712600590  |c (pbk.) £9.99 
035 |a (DE-599)HEB263178005 
035 |a (OCoLC)752424794 
040 |a DE-603  |b ger  |c DE-603  |d DE-603 
041 |a eng 
082 0 4 |8 1\u  |a 306.0947  |q DE-101  |2 23/BSB 
083 0 |8 2\u  |a 900.94709043  |q DE-101  |2 23/BSB 
083 0 |8 3\u  |a 305.800947  |q DE-101  |2 23/BSB 
083 7 |a 940.5308691  |2 22/eng 
084 |a NQ 5980  |0 (DE-625)128676:  |0 (DE-603)410916471  |2 rvk 
085 |8 1\u  |b 306.09 
085 |8 1\u  |z 2  |s 47 
085 |8 1\u  |z 2  |s 437 
085 |8 1\u  |z 2  |s 4 
085 |8 2\u  |b 900 
085 |8 2\u  |z 1  |s 09043 
085 |8 2\u  |z 1  |s 09044 
085 |8 2\u  |z 1  |s 0904 
085 |8 2\u  |z 2  |s 47 
085 |8 2\u  |z 2  |s 437 
085 |8 3\u  |b 305.8009 
085 |8 3\u  |z 2  |s 47 
085 |8 3\u  |z 2  |s 437 
100 1 |a Shephard, Ben  |d 1948-  |0 (DE-603)179948067  |0 (DE-588)131877216  |2 gnd 
245 0 0 |a ˜Theœ long road home  |b The aftermath of the Second World War  |c Ben Shephard 
264 1 |a London  |b Vintage  |c 2011 
300 |a X, 486 S.  |c 20x13x3 cm 
500 |a Paperback 
650 7 |a Heimkehrer  |0 (DE-588)4024141-5  |0 (DE-603)085060070  |2 gnd 
650 7 |a Zweiter Weltkrieg  |0 (DE-588)4079167-1  |0 (DE-603)085224618  |2 gnd 
650 7 |a Flüchtlingshilfe  |0 (DE-588)4128300-4  |0 (DE-603)085444782  |2 gnd 
650 7 |a Displaced Person  |0 (DE-588)4140484-1  |0 (DE-603)085539031  |2 gnd 
650 7 |a Repatriierung  |0 (DE-588)4177807-8  |0 (DE-603)085840378  |2 gnd 
787 0 8 |i Rezensiert in  |a Ballinger, Pamela  |t Impossible Returns, Enduring Legacies  |w (DE-603)395134757 
856 4 2 |m X:Nielsen  |q text/html  |u http://scans.hebis.de/HEBCGI/show.pl?26317800_kub.html  |3 Kurzbeschreibung 
856 4 2 |m X:Nielsen  |q text/html  |u http://scans.hebis.de/HEBCGI/show.pl?26317800_aub.html  |3 Ausführliche Beschreibung 
856 4 2 |m X:Nielsen  |q text/html  |u http://scans.hebis.de/HEBCGI/show.pl?26317800_bio.html  |3 Autorenbiografie 
856 4 2 |m V:DE-603;B:DE-Mb50  |q application/pdf  |u http://scans.hebis.de/HEBCGI/show.pl?26317800_toc.pdf  |3 Inhaltsverzeichnis 
924 0 |9 Mb 50  |a (DE-603)629734763  |b DE-Mb50  |c HES  |d c  |g 11.07862 
924 0 |9 2080  |a (DE-603)793934702  |b DE-2080  |c HES  |d d  |g /